Автономные микрогидроэлектростанции с управляемым балансом электроэнергии: автореферат диссертации на соискание ученой степени кандидата технических наук; спец. 2.4.2

Бібліографічні деталі
Автор: Попов М. М. Михаил Михайлович
Співавтор: Национальный исследовательский Томский политехнический университет Инженерная школа энергетики Отделение электроэнергетики и электротехники (570)
Інші автори: Лукутин Б. В. Борис Владимирович (научный руководитель)
Резюме:Защита сост. 05.09.2025
На правах рукописи
Мова:Російська
Опубліковано: Томск, 2025
Предмети:
Формат: MixedMaterials Книга
KOHA link:https://koha.lib.tpu.ru/cgi-bin/koha/opac-detail.pl?biblionumber=682761

MARC

LEADER 00000nam0a2200000 4500
001 682761
005 20251209132352.0
090 |a 682761 
100 |a 20251101d2025 k||y0rusy50 ca 
101 0 |a rus 
102 |a RU 
105 |a a dm 001yy 
181 0 |a i   |b  e  
182 0 |a n 
183 0 |a nc  |2 RDAcarrier 
200 1 |a Автономные микрогидроэлектростанции с управляемым балансом электроэнергии  |e автореферат диссертации на соискание ученой степени кандидата технических наук  |e спец. 2.4.2  |f Попов Михаил Михайлович  |g науч. рук. Б. В. Лукутин ; Национальный исследовательский Томский политехнический университет 
203 |a Текст  |b визуальный  |c непосредственный 
210 1 |a Томск  |d 2025 
215 |a 21 с.  |c ил. 
283 |a volume  |2 RDAcarrier 
300 |a Защита сост. 05.09.2025 
320 |a Список публикаций по теме диссертации: с. 20-21 (11 назв.) 
333 |a На правах рукописи 
452 1 |0 680656  |9 680656  |a Попов, Михаил Михайлович  |t Автономные микрогидроэлектростанции с управляемым балансом электроэнергии  |o автореферат диссертации на соискание ученой степени кандидата технических наук  |o спец. 2.4.2  |f Попов Михаил Михайлович  |g науч. рук. Б. В. Лукутин ; Национальный исследовательский Томский политехнический университет  |c Томск  |d 2025  |p 1 файл (1,24 МБ, 21 с.) 
606 |a Микрогидроэлектростанции  |9 88938 
610 1 |a электроснабжение 
610 1 |a микроГЭС 
610 1 |a гидроэнергетика 
610 1 |a малые реки 
610 1 |a ручьи 
610 1 |a энергоэффективность 
610 1 |a электротехнические комплексы 
610 1 |a аккумуляторные накопители 
610 1 |a аккумуляторные батареи 
610 1 |a электроэнергия 
610 1 |a структурный синтез 
610 1 |a инверторы 
610 1 |a оптимизация 
610 1 |a накопители электроэнергии 
610 1 |a график нагрузок 
610 1 |a авторефераты диссертаций 
610 1 |a труды учёных ТПУ 
675 |a 621.311.21  |v 4 
686 |2 oksvnk  |a 05.09.03 
700 1 |a Попов  |b М. М.  |c специалист в области электротехники  |c старший преподаватель Томского политехнического университета  |f 1991-  |g Михаил Михайлович  |9 18465 
702 1 |a Лукутин  |b Б. В.  |c специалист в области электротехники  |c профессор Томского политехнического университета, доктор технических наук  |f 1948-  |g Борис Владимирович  |4 727  |9 9293 
712 0 2 |a Национальный исследовательский Томский политехнический университет  |b Инженерная школа энергетики  |b Отделение электроэнергетики и электротехники  |4 570  |9 28321 
801 0 |a RU  |b 63413507  |c 20251106 
942 |c BK